Entre-ville : une lecture de la Zwischenstadt, Thomas Sieverts, Editions Parenthèses, 2004 (traduit de l’allemand par J.-M. Deluze et J. Vincent), 15 x 23 (notice n° 1579288)

détails MARC
000 -LEADER
fixed length control field 01784cam a2200157 4500500
005 - DATE AND TIME OF LATEST TRANSACTION
control field 20251228045824.0
041 ## - LANGUAGE CODE
Language code of text/sound track or separate title fre
042 ## - AUTHENTICATION CODE
Authentication code dc
100 10 - MAIN ENTRY--PERSONAL NAME
Personal name Beaucire, Francis
Relator term author
245 00 - TITLE STATEMENT
Title Entre-ville : une lecture de la Zwischenstadt, Thomas Sieverts, Editions Parenthèses, 2004 (traduit de l’allemand par J.-M. Deluze et J. Vincent), 15 x 23
260 ## - PUBLICATION, DISTRIBUTION, ETC.
Date of publication, distribution, etc. 2005.<br/>
500 ## - GENERAL NOTE
General note 77
520 ## - SUMMARY, ETC.
Summary, etc. Dans un contexte plutôt pessimiste, la contribution de Jacques Chauvineau sous forme d’un rapport au Ministre de l’Équipement et au Secrétaire d’État aux Transports et à la Mer, ne manque ni d’originalité ni de pertinence. Alors que la SNCF sabre un grand nombre de dessertes fret jugées trop peu rémunératrices, essentiellement sur des lignes à faible trafic qui se retrouvent de facto menacées, on perçoit l’amertume de nombreux chargeurs, livrés à leur corps défendant au mode routier, et l’inquiétude des collectivités locales quant à la pérennité d’un tissu économique local que les arrêts de desserte pourraient fragiliser.Une approche territoriale des dessertes Fret s’impose : les acteurs économiques locaux et les collectivités territoriales ne veulent pas être coupés du reste de l’Europe et veulent fonder leur stratégie de développement sur le mode ferroviaire. Pour les satisfaire, Jacques Chauvineau propose l’émergence d’opérateurs de proximité, analogues aux Shortlines nord-américaines ou suédoises, et jette les bases d’une série d’expérimentations qui est en cours de démarrage à l’heure actuelle.
786 0# - DATA SOURCE ENTRY
Note Transports urbains | 108 | 2 | 2005-11-02 | p. 31a-31a | 0397-6521
856 41 - ELECTRONIC LOCATION AND ACCESS
Uniform Resource Identifier <a href="https://stm.cairn.info/revue-transports-urbains-2005-2-page-31a?lang=fr&redirect-ssocas=7080">https://stm.cairn.info/revue-transports-urbains-2005-2-page-31a?lang=fr&redirect-ssocas=7080</a>

Pas d'exemplaire disponible.

PLUDOC

PLUDOC est la plateforme unique et centralisée de gestion des bibliothèques physiques et numériques de Guinée administré par le CEDUST. Elle est la plus grande base de données de ressources documentaires pour les Étudiants, Enseignants chercheurs et Chercheurs de Guinée.

Adresse

627 919 101/664 919 101

25 boulevard du commerce
Kaloum, Conakry, Guinée

Réseaux sociaux

Powered by Netsen Group @ 2025